[Event "DVM U20w 2023"]
[Site "Magdeburg GER"]
[Date "2023.12.28"]
[Round "4"]
[White "Garbuz, Nicole"]
[Black "Werner, Rosalie"]
[Result "0-1"]
[Termination "normal"]
[Board "2.2"]
[WhiteElo "1847"]
[BlackElo "1771"]
[WhiteClock "00:01:40"]
[BlackClock "00:04:34"]
[WhiteTeam "SK Nordhorn-Blanke"]
[BlackTeam "VSG 1880 Offenbach"]
[PlyCount "134"]
[WhiteFideId "12990701"]
[BlackFideId "16223748"]
[EventCountry "GER"]
[EventRounds "7"]
[EventType "team-swiss"]
[EventDate "2023.12.26"]

1. e4 {[%clk 01:30:58]} {[%emt 00:00:02]} e6 {[%clk 01:30:54]} {[%emt
00:00:07]} 2. d4 {[%clk 01:31:25]} {[%emt 00:00:03]} d5 {[%clk 01:31:20]}
{[%emt 00:00:04]} 3. Nd2 {[%clk 01:31:51]} {[%emt 00:00:05]} Nf6 {[%clk
01:31:45]} {[%emt 00:00:05]} 4. e5 {[%clk 01:32:13]} {[%emt 00:00:08]} Nfd7
{[%clk 01:32:09]} {[%emt 00:00:05]} 5. f4 {[%clk 01:32:38]} {[%emt 00:00:06]}
c5 {[%clk 01:32:22]} {[%emt 00:00:17]} 6. c3 {[%clk 01:33:01]} {[%emt
00:00:06]} Be7 {[%clk 01:31:02]} {[%emt 00:01:49]} 7. Ndf3 {[%clk 01:31:16]}
{[%emt 00:02:16]} a6 {[%clk 01:27:38]} {[%emt 00:03:53]} 8. g3 {[%clk
01:29:30]} {[%emt 00:02:18]} b5 {[%clk 01:21:47]} {[%emt 00:06:20]} 9. a3
{[%clk 01:22:42]} {[%emt 00:07:18]} Nc6 {[%clk 01:10:35]} {[%emt 00:11:41]} 10.
Kf2 {[%clk 01:18:47]} {[%emt 00:04:25]} b4 {[%clk 01:02:57]} {[%emt 00:08:09]}
11. h4 {[%clk 01:08:54]} {[%emt 00:10:24]} bxc3 {[%clk 00:58:27]} {[%emt
00:04:59]} 12. bxc3 {[%clk 01:09:18]} {[%emt 00:00:05]} cxd4 {[%clk 00:52:23]}
{[%emt 00:06:35]} 13. cxd4 {[%clk 01:09:41]} {[%emt 00:00:07]} Nb6 {[%clk
00:48:40]} {[%emt 00:04:13]} 14. Bd3 {[%clk 01:07:02]} {[%emt 00:03:08]} Bd7
{[%clk 00:45:44]} {[%emt 00:03:27]} 15. h5 {[%clk 00:54:13]} {[%emt 00:13:19]}
Na5 {[%clk 00:44:24]} {[%emt 00:01:49]} 16. Bc2 {[%clk 00:51:02]} {[%emt
00:03:41]} Nac4 {[%clk 00:41:46]} {[%emt 00:03:08]} 17. g4 {[%clk 00:48:03]}
{[%emt 00:03:29]} Rc8 {[%clk 00:39:06]} {[%emt 00:03:09]} 18. g5 {[%clk
00:39:14]} {[%emt 00:09:21]} Qc7 {[%clk 00:37:44]} {[%emt 00:01:51]} 19. Ne1
{[%clk 00:37:37]} {[%emt 00:02:07]} Na5 {[%clk 00:31:43]} {[%emt 00:06:32]} 20.
Ngf3 {[%clk 00:32:26]} {[%emt 00:05:41]} Qc6 {[%clk 00:28:45]} {[%emt
00:03:27]} 21. Bd2 {[%clk 00:20:50]} {[%emt 00:12:07]} Nac4 {[%clk 00:26:15]}
{[%emt 00:03:00]} 22. Bc1 {[%clk 00:19:03]} {[%emt 00:02:17]} Na4 {[%clk
00:25:46]} {[%emt 00:00:58]} 23. Bxa4 {[%clk 00:07:47]} {[%emt 00:11:46]} Qxa4
{[%clk 00:26:11]} {[%emt 00:00:05]} 24. Qxa4 {[%clk 00:06:58]} {[%emt
00:01:20]} Bxa4 {[%clk 00:26:36]} {[%emt 00:00:05]} 25. Nd2 {[%clk 00:05:40]}
{[%emt 00:01:47]} Na5 {[%clk 00:20:47]} {[%emt 00:06:19]} 26. Bb2 {[%clk
00:04:17]} {[%emt 00:01:52]} O-O {[%clk 00:20:28]} {[%emt 00:00:51]} 27. Rc1
{[%clk 00:03:45]} {[%emt 00:01:02]} Rxc1 {[%clk 00:20:20]} {[%emt 00:00:38]}
28. Bxc1 {[%clk 00:04:09]} {[%emt 00:00:05]} Rc8 {[%clk 00:20:37]} {[%emt
00:00:13]} 29. Bb2 {[%clk 00:03:01]} {[%emt 00:01:38]} Rb8 {[%clk 00:20:28]}
{[%emt 00:00:40]} 30. Bc1 {[%clk 00:01:13]} {[%emt 00:02:17]} Nb3 {[%clk
00:18:19]} {[%emt 00:02:39]} 31. Nxb3 {[%clk 00:00:52]} {[%emt 00:00:52]} Rxb3
{[%clk 00:18:39]} {[%emt 00:00:09]} 32. Nc2 {[%clk 00:00:39]} {[%emt 00:00:44]}
Rb1 {[%clk 00:16:01]} {[%emt 00:03:07]} 33. Nb4 {[%clk 00:00:36]} {[%emt
00:00:34]} a5 {[%clk 00:12:58]} {[%emt 00:03:32]} 34. Nd3 {[%clk 00:00:59]}
{[%emt 00:00:07]} Bxa3 {[%clk 00:12:50]} {[%emt 00:00:39]} 35. Kg2 {[%clk
00:00:41]} {[%emt 00:00:48]} Bxc1 {[%clk 00:10:07]} {[%emt 00:03:13]} 36. Rxc1
{[%clk 00:01:06]} {[%emt 00:00:05]} Rxc1 {[%clk 00:10:08]} {[%emt 00:00:29]}
37. Nxc1 {[%clk 00:01:33]} {[%emt 00:00:04]} Kf8 {[%clk 00:09:19]} {[%emt
00:01:19]} 38. Kf2 {[%clk 00:01:41]} {[%emt 00:00:20]} Ke7 {[%clk 00:09:18]}
{[%emt 00:00:31]} 39. h6 {[%clk 00:01:27]} {[%emt 00:00:45]} gxh6 {[%clk
00:09:32]} {[%emt 00:00:16]} 40. gxh6 {[%clk 00:01:54]} {[%emt 00:00:03]} Bc2
{[%clk 00:08:10]} {[%emt 00:01:51]} 41. Ke3 {[%clk 00:01:01]} {[%emt 00:01:23]}
a4 {[%clk 00:06:20]} {[%emt 00:02:20]} 42. Kd2 {[%clk 00:30:26]} {[%emt
00:01:06]} Bb1 {[%clk 00:32:39]} {[%emt 00:04:10]} 43. Kc3 {[%clk 00:29:07]}
{[%emt 00:01:49]} f5 {[%clk 00:30:14]} {[%emt 00:02:56]} 44. Kb4 {[%clk
00:26:16]} {[%emt 00:03:20]} Bc2 {[%clk 00:30:22]} {[%emt 00:00:22]} 45. Kc3
{[%clk 00:21:58]} {[%emt 00:04:48]} Bd1 {[%clk 00:27:25]} {[%emt 00:03:28]} 46.
Nd3 {[%clk 00:19:11]} {[%emt 00:03:17]} Kf7 {[%clk 00:26:14]} {[%emt 00:01:41]}
47. Nc5 {[%clk 00:18:21]} {[%emt 00:01:20]} a3 {[%clk 00:23:41]} {[%emt
00:03:02]} 48. Nd7 {[%clk 00:17:07]} {[%emt 00:01:41]} Kg6 {[%clk 00:13:11]}
{[%emt 00:11:04]} 49. Nf8+ {[%clk 00:16:55]} {[%emt 00:00:42]} Kxh6 {[%clk
00:11:52]} {[%emt 00:01:48]} 50. Nxe6 {[%clk 00:17:20]} {[%emt 00:00:05]} Kg6
{[%clk 00:11:09]} {[%emt 00:01:12]} 51. Nf8+ {[%clk 00:09:23]} {[%emt
00:08:28]} Kg7 {[%clk 00:10:14]} {[%emt 00:01:25]} 52. Ne6+ {[%clk 00:09:43]}
{[%emt 00:00:10]} Kg8 {[%clk 00:07:55]} {[%emt 00:02:50]} 53. Ng5 {[%clk
00:04:54]} {[%emt 00:05:19]} h6 {[%clk 00:07:09]} {[%emt 00:01:16]} 54. Nh3
{[%clk 00:04:45]} {[%emt 00:00:38]} Kf7 {[%clk 00:03:15]} {[%emt 00:04:24]} 55.
Nf2 {[%clk 00:04:24]} {[%emt 00:00:51]} a2 {[%clk 00:02:46]} {[%emt 00:00:59]}
56. Kb2 {[%clk 00:04:39]} {[%emt 00:00:14]} Bb3 {[%clk 00:02:53]} {[%emt
00:00:24]} 57. Nh3 {[%clk 00:03:08]} {[%emt 00:02:01]} Bc4 {[%clk 00:03:04]}
{[%emt 00:00:19]} 58. Nf2 {[%clk 00:02:54]} {[%emt 00:00:44]} h5 {[%clk
00:02:43]} {[%emt 00:00:51]} 59. Nh3 {[%clk 00:02:55]} {[%emt 00:00:28]} h4
{[%clk 00:02:56]} {[%emt 00:00:18]} 60. Ng5+ {[%clk 00:02:16]} {[%emt
00:01:09]} Ke7 {[%clk 00:02:53]} {[%emt 00:00:34]} 61. Nf3 {[%clk 00:01:28]}
{[%emt 00:01:16]} h3 {[%clk 00:03:13]} {[%emt 00:00:12]} 62. Nh2 {[%clk
00:01:22]} {[%emt 00:00:34]} Kf7 {[%clk 00:03:30]} {[%emt 00:00:14]} 63. Ka1
{[%clk 00:01:42]} {[%emt 00:00:09]} Kg6 {[%clk 00:03:40]} {[%emt 00:00:21]} 64.
Kb2 {[%clk 00:01:40]} {[%emt 00:00:33]} Kh5 {[%clk 00:03:51]} {[%emt 00:00:19]}
65. Ka1 {[%clk 00:01:43]} {[%emt 00:00:27]} Kh4 {[%clk 00:04:06]} {[%emt
00:00:15]} 66. e6 {[%clk 00:01:44]} {[%emt 00:00:29]} Kg3 {[%clk 00:04:08]}
{[%emt 00:00:28]} 67. e7 {[%clk 00:01:40]} {[%emt 00:00:34]} Bb5 {[%clk
00:04:34]} {[%emt 00:00:04]} 0-1

[Event "DVM U20w 2023"]
[Site "Magdeburg GER"]
[Date "2023.12.28"]
[Round "4"]
[White "Neininger, Sarah"]
[Black "Brunner, Sophia"]
[Result "0-1"]
[Termination "normal"]
[Board "2.3"]
[WhiteElo "1611"]
[BlackElo "1777"]
[WhiteClock "00:43:40"]
[BlackClock "00:14:21"]
[WhiteTeam "VSG 1880 Offenbach"]
[BlackTeam "SK Nordhorn-Blanke"]
[PlyCount "108"]
[WhiteFideId "16287410"]
[BlackFideId "12960683"]
[EventCountry "GER"]
[EventRounds "7"]
[EventType "team-swiss"]
[EventDate "2023.12.26"]

1. e4 {[%clk 01:30:58]} {[%emt 00:00:02]} e6 {[%clk 01:30:49]} {[%emt
00:00:11]} 2. d4 {[%clk 01:31:23]} {[%emt 00:00:04]} d5 {[%clk 01:31:10]}
{[%emt 00:00:10]} 3. Bd3 {[%clk 01:31:44]} {[%emt 00:00:09]} Nf6 {[%clk
01:31:09]} {[%emt 00:00:31]} 4. e5 {[%clk 01:32:03]} {[%emt 00:00:11]} Nfd7
{[%clk 01:31:16]} {[%emt 00:00:23]} 5. f4 {[%clk 01:32:16]} {[%emt 00:00:16]}
c5 {[%clk 01:30:46]} {[%emt 00:01:01]} 6. c3 {[%clk 01:32:33]} {[%emt
00:00:13]} Nc6 {[%clk 01:30:44]} {[%emt 00:00:32]} 7. Nf3 {[%clk 01:32:54]}
{[%emt 00:00:08]} cxd4 {[%clk 01:20:54]} {[%emt 00:10:20]} 8. cxd4 {[%clk
01:30:03]} {[%emt 00:03:21]} Be7 {[%clk 01:02:45]} {[%emt 00:18:39]} 9. O-O
{[%clk 01:25:00]} {[%emt 00:05:33]} Qb6 {[%clk 00:53:19]} {[%emt 00:09:57]} 10.
Bc2 {[%clk 01:16:58]} {[%emt 00:08:31]} Nxd4 {[%clk 00:32:26]} {[%emt
00:21:23]} 11. Be3 {[%clk 01:04:53]} {[%emt 00:12:29]} Nxf3+ {[%clk 00:32:07]}
{[%emt 00:00:55]} 12. Rxf3 {[%clk 01:05:07]} {[%emt 00:00:16]} Bc5 {[%clk
00:30:39]} {[%emt 00:01:59]} 13. Bxc5 {[%clk 01:01:05]} {[%emt 00:04:32]} Qxc5+
{[%clk 00:29:39]} 14. Kh1 {[%clk 01:01:21]} {[%emt 00:01:42]} b6 {[%clk
00:26:57]} 15. Nd2 {[%clk 00:55:50]} {[%emt 00:09:14]} Qe7 {[%clk 00:23:36]}
{[%emt 00:03:51]} 16. Nb3 {[%clk 00:54:14]} {[%emt 00:02:06]} f5 {[%clk
00:21:10]} {[%emt 00:02:56]} 17. exf6 {[%clk 00:52:19]} {[%emt 00:02:26]} Nxf6
{[%clk 00:19:39]} {[%emt 00:02:00]} 18. Nd4 {[%clk 00:51:25]} {[%emt 00:01:24]}
O-O {[%clk 00:16:35]} {[%emt 00:03:34]} 19. Qe1 {[%clk 00:48:26]} {[%emt
00:03:28]} Qf7 {[%clk 00:15:28]} {[%emt 00:01:38]} 20. f5 {[%clk 00:36:26]}
{[%emt 00:12:30]} exf5 {[%clk 00:12:57]} {[%emt 00:03:02]} 21. Nxf5 {[%clk
00:36:17]} {[%emt 00:00:38]} Bxf5 {[%clk 00:12:35]} {[%emt 00:00:52]} 22. Bxf5
{[%clk 00:36:33]} {[%emt 00:00:14]} Rae8 {[%clk 00:12:10]} {[%emt 00:00:56]}
23. Qh4 {[%clk 00:33:44]} {[%emt 00:03:17]} g6 {[%clk 00:10:42]} {[%emt
00:01:59]} 24. Bd3 {[%clk 00:28:43]} {[%emt 00:05:31]} Qg7 {[%clk 00:09:06]}
{[%emt 00:02:06]} 25. Raf1 {[%clk 00:26:53]} {[%emt 00:02:19]} Nd7 {[%clk
00:06:26]} {[%emt 00:03:11]} 26. Qg3 {[%clk 00:24:09]} {[%emt 00:03:12]} Ne5
{[%clk 00:03:45]} {[%emt 00:03:14]} 27. Rxf8+ {[%clk 00:23:55]} {[%emt
00:00:43]} Rxf8 {[%clk 00:04:10]} {[%emt 00:00:05]} 28. Rxf8+ {[%clk 00:24:10]}
{[%emt 00:00:15]} Kxf8 {[%clk 00:04:36]} {[%emt 00:00:04]} 29. Qf4+ {[%clk
00:23:44]} {[%emt 00:00:54]} Ke7 {[%clk 00:04:36]} {[%emt 00:00:32]} 30. Qg5+
{[%emt 00:01:30]} Qf6 {[%clk 00:03:25]} {[%emt 00:01:34]} 31. Qe3 {[%clk
00:22:27]} {[%emt 00:00:52]} Kd6 {[%clk 00:03:06]} {[%emt 00:00:52]} 32. Qd4
{[%clk 00:22:05]} {[%emt 00:00:51]} Nd7 {[%clk 00:02:04]} {[%emt 00:01:32]} 33.
Qxf6+ {[%clk 00:18:43]} {[%emt 00:03:53]} Nxf6 {[%clk 00:02:32]} {[%emt
00:00:02]} 34. Kg1 {[%clk 00:19:00]} {[%emt 00:00:12]} Ke5 {[%clk 00:02:38]}
35. Kf2 {[%clk 00:18:53]} {[%emt 00:00:59]} Kd4 {[%clk 00:02:56]} {[%emt
00:00:14]} 36. Ke2 {[%clk 00:18:49]} {[%emt 00:00:33]} Ng4 {[%clk 00:02:10]}
{[%emt 00:01:17]} 37. h3 {[%clk 00:18:45]} {[%emt 00:00:33]} Ne5 {[%clk
00:01:30]} {[%emt 00:01:11]} 38. Ba6 {[%clk 00:18:30]} {[%emt 00:00:46]} Nc4
{[%clk 00:01:19]} {[%emt 00:00:41]} 39. b3 {[%clk 00:17:32]} {[%emt 00:01:27]}
Nd6 {[%clk 00:01:35]} {[%emt 00:00:14]} 40. Bd3 {[%clk 00:17:24]} {[%emt
00:00:38]} Ne4 {[%clk 00:01:11]} {[%emt 00:00:55]} 41. a4 {[%clk 00:14:35]}
{[%emt 00:03:18]} Nc5 {[%clk 00:30:15]} {[%emt 00:01:26]} 42. Bc2 {[%clk
00:44:40]} {[%emt 00:00:25]} Kc3 {[%clk 00:30:22]} {[%emt 00:00:23]} 43. Bd1
{[%clk 00:43:55]} {[%emt 00:01:15]} Nxb3 {[%clk 00:30:16]} {[%emt 00:00:36]}
44. Ke3 {[%clk 00:44:03]} {[%emt 00:00:18]} Na5 {[%clk 00:27:34]} {[%emt
00:03:16]} 45. Kf4 {[%clk 00:43:42]} {[%emt 00:00:51]} Nc4 {[%clk 00:14:21]}
{[%emt 00:13:43]} 46. Kg5 {[%clk 00:43:40]} Ne3 {[%clk 00:14:21]} 47. Bf3
{[%clk 00:43:40]} d4 {[%clk 00:14:21]} 48. Kh6 {[%clk 00:43:40]} Nf5+ {[%clk
00:14:21]} 49. Kxh7 {[%clk 00:43:40]} d3 {[%clk 00:14:21]} 50. Bg4 {[%clk
00:43:40]} Kc2 {[%clk 00:14:21]} 51. Kxg6 {[%clk 00:43:40]} Nh4+ {[%clk
00:14:21]} 52. Kg5 {[%clk 00:43:40]} Nxg2 {[%clk 00:14:21]} 53. h4 {[%clk
00:43:40]} Nxh4 {[%clk 00:14:21]} 54. Kxh4 {[%clk 00:43:40]} d2 {[%clk
00:14:21]} 0-1

[Event "DVM U20w 2023"]
[Site "Magdeburg GER"]
[Date "2023.12.28"]
[Round "4"]
[White "Hallfarth, Luise"]
[Black "Milman, Sophie"]
[Result "1-0"]
[Termination "normal"]
[Board "2.4"]
[WhiteElo "1453"]
[BlackElo "1184"]
[WhiteClock "00:23:25"]
[BlackClock "00:33:44"]
[WhiteTeam "SK Nordhorn-Blanke"]
[BlackTeam "VSG 1880 Offenbach"]
[PlyCount "133"]
[WhiteFideId "16250222"]
[BlackFideId "34608885"]
[EventCountry "GER"]
[EventRounds "7"]
[EventType "team-swiss"]
[EventDate "2023.12.26"]

1. e4 {[%clk 01:30:15]} e5 {[%clk 01:30:30]} 2. d4 {[%clk 01:30:15]} exd4
{[%clk 01:30:04]} {[%emt 06:34:06]} 3. Qxd4 {[%clk 01:31:38]} Nc6 {[%clk
01:29:24]} {[%emt 00:01:19]} 4. Qe3 {[%clk 01:31:49]} {[%emt 00:00:18]} d6
{[%clk 01:25:58]} {[%emt 00:03:57]} 5. Nc3 {[%clk 01:31:08]} {[%emt 00:01:11]}
Nf6 {[%clk 01:23:33]} {[%emt 00:02:55]} 6. h3 {[%clk 01:30:37]} {[%emt
00:01:01]} Be7 {[%clk 01:20:49]} {[%emt 00:03:14]} 7. Bd2 {[%clk 01:30:21]}
{[%emt 00:00:46]} a6 {[%clk 01:18:44]} {[%emt 00:02:36]} 8. O-O-O {[%clk
01:30:04]} {[%emt 00:00:47]} Be6 {[%clk 01:15:33]} {[%emt 00:03:41]} 9. f4
{[%clk 01:27:31]} {[%emt 00:03:02]} d5 {[%clk 01:04:55]} {[%emt 00:11:08]} 10.
exd5 {[%clk 01:18:02]} {[%emt 00:09:58]} Nxd5 {[%clk 01:04:07]} {[%emt
00:01:20]} 11. Qf2 {[%clk 01:12:02]} {[%emt 00:06:29]} Bf6 {[%clk 00:53:50]}
{[%emt 00:10:47]} 12. f5 {[%clk 01:05:32]} {[%emt 00:07:01]} Nxc3 {[%clk
00:49:15]} {[%emt 00:05:04]} 13. Bxc3 {[%clk 01:04:33]} {[%emt 00:01:29]} Bg5+
{[%emt 00:01:45]} 14. Bd2 {[%clk 01:02:34]} {[%emt 00:01:44]} Qf6 {[%emt
00:18:10]} 15. Bd3 {[%clk 00:47:30]} {[%emt 00:01:55]} O-O-O {[%emt 00:11:54]}
16. a3 {[%clk 00:37:06]} {[%emt 00:01:35]} Rhe8 {[%clk 00:35:26]} {[%emt
00:07:43]} 17. Nf3 {[%clk 00:29:13]} {[%emt 00:08:22]} Bxd2+ {[%clk 00:33:23]}
{[%emt 00:02:35]} 18. Nxd2 {[%clk 00:28:39]} {[%emt 00:01:03]} Ne5 {[%clk
00:28:38]} {[%emt 00:05:15]} 19. Be4 {[%clk 00:21:26]} {[%emt 00:07:43]} Bd5
{[%clk 00:19:24]} {[%emt 00:09:44]} 20. Bxd5 {[%clk 00:17:01]} {[%emt
00:04:54]} Rxd5 {[%clk 00:19:06]} {[%emt 00:00:48]} 21. Ne4 {[%clk 00:12:01]}
{[%emt 00:05:31]} Qc6 {[%clk 00:14:49]} {[%emt 00:04:46]} 22. Rxd5 {[%clk
00:08:33]} {[%emt 00:03:58]} Qxd5 {[%clk 00:14:27]} {[%emt 00:00:53]} 23. Nc3
{[%clk 00:08:41]} {[%emt 00:00:22]} Qc6 {[%clk 00:11:15]} {[%emt 00:03:42]} 24.
Rd1 {[%clk 00:07:28]} {[%emt 00:01:37]} Rd8 {[%clk 00:09:46]} {[%emt 00:02:05]}
25. Rxd8+ {[%clk 00:06:47]} {[%emt 00:01:11]} Kxd8 {[%clk 00:10:02]} {[%emt
00:00:14]} 26. Qd4+ {[%clk 00:05:57]} {[%emt 00:01:15]} Qd6 {[%clk 00:09:15]}
{[%emt 00:01:22]} 27. Qh4+ {[%clk 00:04:07]} {[%emt 00:02:17]} Ke8 {[%clk
00:06:56]} {[%emt 00:02:52]} 28. Qxh7 {[%clk 00:04:19]} {[%emt 00:00:19]} Qh6+
{[%clk 00:06:38]} {[%emt 00:00:48]} 29. Qxh6 {[%clk 00:04:33]} {[%emt
00:00:15]} gxh6 {[%clk 00:07:01]} {[%emt 00:00:07]} 30. Nd5 {[%clk 00:04:20]}
{[%emt 00:00:41]} c6 {[%clk 00:06:09]} {[%emt 00:01:25]} 31. Nf6+ {[%clk
00:02:59]} {[%emt 00:01:51]} Kf8 {[%clk 00:05:30]} {[%emt 00:01:08]} 32. Ng4
{[%clk 00:02:07]} {[%emt 00:01:22]} Nxg4 {[%clk 00:05:21]} {[%emt 00:00:39]}
33. hxg4 {[%clk 00:02:23]} {[%emt 00:00:14]} Kg7 {[%clk 00:05:41]} {[%emt
00:00:10]} 34. Kd2 {[%clk 00:02:30]} {[%emt 00:00:23]} Kf6 {[%clk 00:05:54]}
{[%emt 00:00:17]} 35. Ke3 {[%clk 00:02:40]} {[%emt 00:00:20]} Kg5 {[%clk
00:05:45]} {[%emt 00:00:39]} 36. Kf3 {[%clk 00:01:40]} {[%emt 00:01:30]} h5
{[%clk 00:05:33]} {[%emt 00:00:42]} 37. gxh5 {[%clk 00:01:46]} {[%emt
00:00:25]} Kxh5 {[%clk 00:04:50]} {[%emt 00:01:13]} 38. Kf4 {[%clk 00:01:38]}
{[%emt 00:00:37]} f6 {[%clk 00:04:26]} {[%emt 00:00:54]} 39. b3 {[%clk
00:01:11]} {[%emt 00:00:57]} a5 {[%clk 00:04:15]} {[%emt 00:00:41]} 40. c4
{[%clk 00:01:08]} {[%emt 00:00:34]} b5 {[%clk 00:04:14]} {[%emt 00:00:31]} 41.
cxb5 {[%clk 00:25:25]} {[%emt 00:06:12]} cxb5 {[%clk 00:34:18]} {[%emt
00:00:26]} 42. b4 {[%clk 00:25:37]} {[%emt 00:00:18]} a4 {[%clk 00:33:17]}
{[%emt 00:01:31]} 43. g3 {[%clk 00:25:48]} {[%emt 00:00:19]} Kh6 {[%clk
00:33:13]} {[%emt 00:00:34]} 44. Kg4 {[%clk 00:25:53]} {[%emt 00:00:23]} Kg7
{[%clk 00:32:38]} {[%emt 00:01:07]} 45. Kh5 {[%clk 00:25:27]} {[%emt 00:00:56]}
Kh7 {[%clk 00:32:54]} {[%emt 00:00:14]} 46. g4 {[%clk 00:25:36]} {[%emt
00:00:22]} Kg7 {[%clk 00:33:00]} {[%emt 00:00:24]} 47. g5 {[%clk 00:25:34]}
{[%emt 00:00:32]} fxg5 {[%clk 00:32:19]} {[%emt 00:01:11]} 48. Kxg5 {[%clk
00:25:53]} {[%emt 00:00:11]} Kf7 {[%clk 00:32:16]} {[%emt 00:00:32]} 49. Kf4
{[%clk 00:25:55]} {[%emt 00:00:28]} Kf6 {[%clk 00:32:17]} {[%emt 00:00:28]} 50.
Ke4 {[%clk 00:26:15]} {[%emt 00:00:10]} Ke7 {[%clk 00:32:12]} {[%emt 00:00:35]}
51. Kd5 {[%clk 00:26:33]} {[%emt 00:00:13]} Kf6 {[%clk 00:32:23]} {[%emt
00:00:19]} 52. Kc5 {[%clk 00:26:45]} {[%emt 00:00:18]} Kxf5 {[%clk 00:32:32]}
{[%emt 00:00:21]} 53. Kxb5 {[%clk 00:27:07]} {[%emt 00:00:08]} Ke6 {[%clk
00:32:34]} {[%emt 00:00:27]} 54. Kc6 {[%clk 00:27:13]} {[%emt 00:00:25]} Ke7
{[%clk 00:32:49]} {[%emt 00:00:14]} 55. Kc7 {[%clk 00:27:29]} {[%emt 00:00:15]}
Ke6 {[%clk 00:32:38]} {[%emt 00:00:41]} 56. b5 {[%clk 00:27:50]} {[%emt
00:00:09]} Kd5 {[%clk 00:32:31]} {[%emt 00:00:37]} 57. b6 {[%clk 00:27:57]}
{[%emt 00:00:23]} Kc4 {[%clk 00:32:37]} {[%emt 00:00:23]} 58. b7 {[%clk
00:28:21]} {[%emt 00:00:06]} Kb3 {[%clk 00:32:53]} {[%emt 00:00:15]} 59. b8=Q+
{[%clk 00:28:22]} {[%emt 00:00:23]} Kxa3 {[%clk 00:33:10]} {[%emt 00:00:20]}
60. Qh8 {[%clk 00:27:45]} {[%emt 00:01:05]} Kb3 {[%clk 00:32:49]} {[%emt
00:00:51]} 61. Kc6 {[%clk 00:23:20]} {[%emt 00:04:56]} Ka2 {[%clk 00:32:47]}
{[%emt 00:00:31]} 62. Kc5 {[%clk 00:23:27]} {[%emt 00:00:23]} a3 {[%clk
00:32:46]} {[%emt 00:00:32]} 63. Kb4 {[%clk 00:23:31]} {[%emt 00:00:24]} Kb1
{[%clk 00:32:57]} {[%emt 00:00:22]} 64. Kxa3 {[%clk 00:23:34]} {[%emt
00:00:26]} Kc2 {[%clk 00:33:18]} {[%emt 00:00:09]} 65. Qd4 {[%clk 00:23:23]}
{[%emt 00:00:38]} Kc1 {[%clk 00:33:22]} {[%emt 00:00:29]} 66. Kb3 {[%clk
00:23:25]} {[%emt 00:00:22]} Kb1 {[%clk 00:33:44]} {[%emt 00:00:14]} 67. Qb2#
{[%emt 00:00:09]} 1-0